000 00292nam a22001337a 4500
008 170426b xxu||||| |||| 00| 0 eng d
020 _a070327602
041 _aeng
080 _a546
100 _a12
101 _aSHM
245 _aMODERN INORGANIC CHEMISTRY
_cJOLLY, W.L
942 _2udc
_cBK
999 _c12043
_d12043